000 00950nam a22002297a 4500
001 8668
003 FISKH
005 20260204151353.0
008 251009b cb ||||| |||| 00| 0 eng d
020 _a9781107632981
040 _aFISKH
_beng
_cFISKH
_dFISKH
082 _a428.2
100 _aBudgell, Gill
245 _aCambridge primary English learner’s book 1/
_cGill Budgell and Kate Ruttle
260 _aNew York :
_bCambridge,
_c2015.
300 _a160 pages :
_bcolor illustrations ;
_c28 cm
520 _aCambridge Primary English Learner’s Book supports the development of reading, writing, listening, and speaking skills for young learners. It follows the Cambridge Primary English curriculum framework and encourages creative expression and confidence in using English.
650 _aReading comprehension
_vWriting skills
_xListening and speaking
700 _aRuttle, Kate
_eAuthor
942 _2ddc
_cBK
_n0
999 _c8668
_d8668